000 01161nam a2200289Ia 4500
001 ebr10387139
003 CaPaEBR
006 m u
007 cr cn|||||||||
008 090602s2009 enk sb 001 0 eng d
020 _z9781861979186 (hbk.)
020 _z1861979185 (hbk.)
040 _aCaPaEBR
_cCaPaEBR
035 _a(OCoLC)732809789
050 1 4 _aHQ18.I73
_bF47 2009eb
100 1 _aFerriter, Diarmaid,
_d1972-
245 1 0 _aOccasions of sin
_h[electronic resource] :
_bsex and society in modern Ireland /
_cDiarmaid Ferriter.
260 _aLondon :
_bProfile,
_c2009.
300 _ax, 694 p.
504 _aIncludes bibliographical references (p. [619]-643) and index.
533 _aElectronic reproduction.
_bPalo Alto, Calif. :
_cebrary,
_d2010.
_nAvailable via World Wide Web.
_nAccess may be limited to ebrary affiliated libraries.
650 0 _aSex
_zIreland
_xHistory
_y20th century.
650 0 _aSex
_xSocial aspects
_zIreland.
655 7 _aElectronic books.
_2local
710 2 _aebrary, Inc.
856 4 0 _uhttp://site.ebrary.com/lib/rucke/Doc?id=10387139
_zAn electronic book accessible through the World Wide Web; click to view
999 _c205507
_d205507